000 00899pam a2200301 a 4500
001 989534
003 OSt
005 20250704110916.0
008 860902s1987 nyua b 001 0 eng
010 _a 86023425
020 _a9789395161237
035 _a989534
040 _aDLC
_cDLC
_dDLC
050 0 0 _aQD601.2
_b.A76 1987
082 0 0 _a541.38
_bARN/E
100 1 _aArnikar, Hari Jeevan
_94237
245 1 0 _aEssentials of nuclear chemistry /
_cHari Jeevan Arnikar.
250 _a5th ed.
260 _aNew Delhi :
_bNew age International,
_c2023.
300 _a440 p. :
_bill. ;
_c25 cm.
336 _atext
_btxt
_2rdacontent
337 _aunmediated
_bn
_2rdamedia
338 _avolume
_bnc
_2rdacarrier
500 _aIncludes indexes.
504 _aBibliography: p. [331]-333.
650 0 _aNuclear chemistry.
942 _2ddc
_cBK
_h541.38
_iARN/E
_k541.38
_mARN/E
999 _c44604
_d44604